Guía de arquitectura Guadalajara /

Gespeichert in:
Bibliographische Detailangaben
1. Verfasser: Adrià, Miquel (dirección general)
Weitere Verfasser: Arenal Pérez, Mónica Andrea del (edición) (edición)
Format: Buch
Sprache:Spanisch
Veröffentlicht: México : Arquine, 2016, c2016
Tags: Tag hinzufügen
Keine Tags, Fügen Sie das erste Tag hinzu!

MARC

LEADER 00000nam^a2200000^a^4500
001 000584386
005 20250526000000.0
009 20260310132708.946
037 |a Acervo ITESO - Biblioteca 
041 |a ESP 
091 |a FCO. 00840 
100 |a Adrià, Miquel  |e (dirección general) 
245 1 0 |a Guía de arquitectura Guadalajara / 
264 4 |a México :  |b Arquine,  |c 2016, c2016 
300 |a 225 p. ;  |c 21.0 cm. 
336 |a texto  |b txt  |2 rdacontenido 
337 |a sin mediación  |b n  |2 rdamedio 
338 |a volumen  |b nc  |2 rdasoporte 
649 |a XX 
700 |a Arenal Pérez, Mónica Andrea del  |e (edición) 
910 |a Fondo Erich Coufal Kieswetter 
920 |a Impresos - Libros 
930 |a Libros Antiguos y Raros 
905 |a 142 
901 |a 0500412578  |b IT2  |c LRA  |i D  |u 20250526 
902 |a https://opac.biblio.iteso.mx/vufind/Record/000584386